000 00809nam a2200253Ia 4500
003 OSt
005 20221005110741.0
006 a|||||r|||| 00| 0
007 ta
008 221004b |||||||| |||| 00| 0 hin d
024 _a31843
037 _cTextual
040 _aCRL
_cCRL
_bhin
041 _2hin
_ahin
082 _aU8.5, 152M8
100 _aवर्मा, निर्मल
245 0 _aचीड़ों पर चॉंदनी
246 _aChīड़oan par chaॉandanī
260 _aनई दिल्ली
_bराजकमल प्रकाशन भारत
_c1988
300 _a175पृ.
_ccm.
650 _aहिन्दी कहानी
942 _hU8.5, 152M8
_cTEXL
_2cc
999 _c1019763
_d1019763